[Event "DEM U12/U12w 2014"]
[Site "Magdeburg GER"]
[Date "2014.06.14"]
[Round "11"]
[White "Wierzbicki, Jirawat"]
[Black "Engel, Luis"]
[Result "0-1"]
[Termination "normal"]
[Board "2"]
[WhiteElo "1774"]
[BlackElo "1982"]
[WhiteClock "00:13:43"]
[BlackClock "00:09:16"]
[PlyCount "94"]
[WhiteFideId "1153579"]
[BlackFideId "12961523"]
[EventCountry "GER"]
[EventRounds "11"]
[EventType "swiss"]
[EventDate "2014.06.07"]

1. e4 e5 2. Nf3 Nc6 3. Nc3 Nf6 4. d4 exd4 5. Nxd4 Bb4 6. Nxc6 bxc6 7. Bd3 d6 8.
Bd2 Be6 9. O-O O-O 10. h3 Rb8 11. Qf3 Nd7 12. Qg3 Bc5 13. b3 Bd4 14. Rad1 g6
15. Ne2 Bg7 16. Nf4 Qe7 17. Nxe6 Qxe6 18. f4 Nc5 19. Rde1 Rbe8 20. f5 Qe5 21.
Qxe5 Bxe5 22. Re2 Bd4+ 23. Kh1 Kg7 24. Be3 Bxe3 25. Rxe3 Nd7 26. Rfe1 Re7 27.
Kg1 Rfe8 28. Kf2 Kf6 29. g4 Ne5 30. Kg3 Rg8 31. Kf4 h6 32. Rg1 g5+ 33. Kg3 Rge8
34. Rge1 Nd7 35. Kf3 Rh8 36. Kg2 h5 37. Be2 hxg4 38. Bxg4 Ree8 39. Bf3 Ne5 40.
Kg3 Rh4 41. Bg2 Reh8 42. Rh1 g4 43. Kf2 Kg5 44. Kg3 Nd7 45. b4 Nf6 46. Kf2 gxh3
47. Rg3+ Ng4+ 0-1

[Event "DEM U12/U12w 2014"]
[Site "Magdeburg GER"]
[Date "2014.06.14"]
[Round "11"]
[White "Tong, Kevin"]
[Black "Mätzkow, Maximilian Paul"]
[Result "1-0"]
[Termination "normal"]
[Board "3"]
[WhiteElo "1758"]
[BlackElo "1841"]
[WhiteClock "00:18:41"]
[BlackClock "00:14:19"]
[PlyCount "53"]
[WhiteFideId "12913944"]
[BlackFideId "24679933"]
[EventCountry "GER"]
[EventRounds "11"]
[EventType "swiss"]
[EventDate "2014.06.07"]

1. e4 c5 2. Nf3 d6 3. d4 cxd4 4. Nxd4 Nf6 5. Nc3 a6 6. Bg5 e6 7. Bc4 b5 8. Bb3
Qb6 9. a3 Be7 10. Qd2 Nc6 11. Nxc6 Qxc6 12. O-O-O Bb7 13. Rhe1 a5 14. Bxf6 gxf6
15. f4 a4 16. Ba2 Kd7 17. e5 f5 18. g4 fxg4 19. f5 d5 20. Qe2 Qc5 21. Ne4 Qb6
22. fxe6+ fxe6 23. Qxg4 Rhg8 24. Qh3 Kc7 25. Qxh7 dxe4 26. Qxe7+ Kb8 27. Bxe6
1-0

[Event "DEM U12/U12w 2014"]
[Site "Magdeburg GER"]
[Date "2014.06.14"]
[Round "11"]
[White "Renger, Niklas"]
[Black "Zimmer, Raphael"]
[Result "1-0"]
[Termination "normal"]
[Board "4"]
[WhiteElo "1794"]
[BlackElo "1868"]
[WhiteClock "00:47:14"]
[BlackClock "00:52:32"]
[PlyCount "43"]
[WhiteFideId "12908096"]
[BlackFideId "12978841"]
[EventCountry "GER"]
[EventRounds "11"]
[EventType "swiss"]
[EventDate "2014.06.07"]

1. e4 e5 2. Nf3 Nc6 3. d4 exd4 4. Bc4 Bc5 5. O-O Nf6 6. e5 d5 7. exf6 dxc4 8.
fxg7 Rg8 9. Bg5 Be7 10. Bxe7 Kxe7 11. Re1+ Kf6 12. Nbd2 Be6 13. Ne4+ Kxg7 14.
Qd2 Qd5 15. Qf4 Qf5 16. Qxc7 Bd5 17. Ng3 Qxc2 18. Ne5 Rac8 19. Qd6 Rgd8 20.
Nh5+ Kg8 21. Qh6 Qg6 22. Nxg6 1-0

[Event "DEM U12/U12w 2014"]
[Site "Magdeburg GER"]
[Date "2014.06.14"]
[Round "11"]
[White "Preißler, Niklas"]
[Black "Suvorov, Alexander"]
[Result "0-1"]
[Termination "normal"]
[Board "5"]
[WhiteElo "1812"]
[BlackElo "1569"]
[WhiteClock "00:09:35"]
[BlackClock "00:10:07"]
[PlyCount "70"]
[WhiteFideId "12927554"]
[BlackFideId "12977063"]
[EventCountry "GER"]
[EventRounds "11"]
[EventType "swiss"]
[EventDate "2014.06.07"]

1. d4 d6 2. Nf3 Nf6 3. c4 g6 4. Nc3 Bg7 5. e4 O-O 6. Be2 Nbd7 7. O-O e5 8. d5
Nc5 9. Qc2 a5 10. Ne1 Ne8 11. Be3 f5 12. f3 f4 13. Bf2 g5 14. Nd3 b6 15. a3
Nxd3 16. Qxd3 h5 17. b4 g4 18. c5 bxc5 19. bxc5 Qg5 20. Qd2 Ba6 21. Kh1 Bxe2
22. Nxe2 Nf6 23. cxd6 cxd6 24. Qe1 Qg6 25. Rb1 Rfc8 26. Bb6 a4 27. Ba5 Nd7 28.
Qd2 Nc5 29. Nc1 h4 30. Bb4 gxf3 31. gxf3 Nxe4 32. Qb2 Rc2 33. Qxc2 Ng3+ 34.
hxg3 Qxc2 35. Ra1 hxg3 0-1

[Event "DEM U12/U12w 2014"]
[Site "Magdeburg GER"]
[Date "2014.06.14"]
[Round "11"]
[White "Biastoch, Bennet"]
[Black "Mix, Clemens"]
[Result "1/2-1/2"]
[Termination "normal"]
[Board "6"]
[WhiteElo "1754"]
[BlackElo "1474"]
[WhiteClock "00:07:21"]
[BlackClock "00:02:14"]
[PlyCount "150"]
[WhiteFideId "12939889"]
[BlackFideId "12987921"]
[EventCountry "GER"]
[EventRounds "11"]
[EventType "swiss"]
[EventDate "2014.06.07"]

1. e4 Nf6 2. e5 Nd5 3. d4 d6 4. c4 Nb6 5. exd6 exd6 6. Nc3 Be7 7. h3 O-O 8. Nf3
h6 9. Be2 Bf5 10. O-O Bf6 11. Be3 Nc6 12. a3 d5 13. c5 Nc8 14. Rc1 N8e7 15. b4
a6 16. Qd2 Bg6 17. g4 Qd7 18. Nh2 Bh7 19. f4 Ng6 20. Nf3 Rfe8 21. Bd3 Nf8 22.
f5 Qd8 23. Kh1 Kh8 24. Rg1 Bg8 25. Qf2 Nh7 26. h4 Bxh4 27. Nxh4 Rxe3 28. Qxe3
Qxh4+ 29. Kg2 Qxg4+ 30. Kf2 Qh4+ 31. Rg3 Nf6 32. Kg2 Qxd4 33. Qxd4 Nxd4 34. Ne2
Nxe2 35. Bxe2 Re8 36. Bd3 c6 37. Rg1 Bh7 38. Kf2 Nh5 39. Re3 Rxe3 40. Kxe3 Kg8
41. Kd4 Nf4 42. Rf1 Nxd3 43. Kxd3 g6 44. fxg6 fxg6 45. Kd4 g5 46. Ke5 Kg7 47.
Rf6 h5 48. Rf2 g4 49. Kf4 Kh6 50. Re2 Be4 51. Re1 Kg6 52. Re2 Kf6 53. Rh2 Bg6
54. Re2 d4 55. Re1 d3 56. Kg3 Kg5 57. Re5+ Bf5 58. Re8 h4+ 59. Kg2 Kf4 60. Rg8
d2 61. Rd8 Be4+ 62. Kh2 Bf3 63. Rxd2 Ke3 64. Rb2 g3+ 65. Kh3 g2 66. Kh2 Kf4 67.
Rf2 Ke3 68. Rb2 h3 69. Rc2 Be2 70. Rc3+ Kf2 71. Rc1 Bf1 72. Rc2+ Ke1 73. Rc3
Kf2 74. Rc2+ Be2 75. Rc1 Bf1 1/2-1/2

[Event "DEM U12/U12w 2014"]
[Site "Magdeburg GER"]
[Date "2014.06.14"]
[Round "11"]
[White "Dietz, Florian"]
[Black "Pfreundt, Mathis"]
[Result "0-1"]
[Termination "normal"]
[Board "8"]
[WhiteElo "1860"]
[BlackElo "1667"]
[PlyCount "74"]
[WhiteFideId "12939897"]
[BlackFideId "12967092"]
[EventCountry "GER"]
[EventRounds "11"]
[EventType "swiss"]
[EventDate "2014.06.07"]

1. e4 c6 2. d4 d5 3. exd5 cxd5 4. Bd3 Nc6 5. c3 Qc7 6. Ne2 Bg4 7. f3 Bd7 8. Bf4
e5 9. dxe5 Nxe5 10. O-O Bd6 11. Bc2 Ne7 12. Bb3 O-O 13. Kh1 Rad8 14. Bxd5 Nxd5
15. Qxd5 Bc6 16. Qb3 Ng6 17. Bxd6 Rxd6 18. Nd4 Rfd8 19. Na3 Rd5 20. Nac2 Re5
21. Rfe1 Rh5 22. h3 Nf4 23. Nxc6 Qxc6 24. Rad1 Rxd1 25. Rxd1 Rxh3+ 26. Kg1 Qc5+
27. Nd4 Ne2+ 28. Kf2 Rh2 29. Kxe2 Rxg2+ 30. Kf1 Qg5 31. Ne2 Rh2 32. Ng3 h5 33.
Qxb7 Qxg3 34. Qc8+ Kh7 35. Qf5+ Kh6 36. Rd6+ Qxd6 37. Ke1 Qd2+ 0-1

[Event "DEM U12/U12w 2014"]
[Site "Magdeburg GER"]
[Date "2014.06.14"]
[Round "11"]
[White "Mönster, Madita"]
[Black "Schneider, Jana"]
[Result "0-1"]
[Termination "normal"]
[Board "9"]
[WhiteElo "1637"]
[BlackElo "1824"]
[PlyCount "84"]
[WhiteFideId "12947156"]
[BlackFideId "12924997"]
[EventCountry "GER"]
[EventRounds "11"]
[EventType "swiss"]
[EventDate "2014.06.07"]

1. d4 d5 2. Nc3 Nf6 3. Bg5 Nbd7 4. f3 c5 5. e4 cxd4 6. Qxd4 e5 7. Qd2 d4 8. Nd5
Be7 9. Bxf6 Nxf6 10. Nxe7 Qxe7 11. Bc4 O-O 12. Ne2 Be6 13. Bxe6 Qxe6 14. Qb4
Rac8 15. Qa4 Qb6 16. Rb1 Rfd8 17. Nc1 Qc5 18. Nd3 Qxc2 19. Qxc2 Rxc2 20. O-O
Nd7 21. Rbc1 Rdc8 22. Rfd1 Rxc1 23. Rxc1 Rxc1+ 24. Nxc1 Nc5 25. Kf1 a5 26. Ke1
f6 27. b3 Kf7 28. a3 g6 29. b4 axb4 30. axb4 Ne6 31. Nd3 Ke7 32. Kd2 Kd6 33. h4
h5 34. g3 g5 35. Ke2 gxh4 36. gxh4 Nf8 37. Kf2 Ng6 38. Kg3 Kc6 39. Nc5 b6 40.
Nd3 Kb5 41. Kh3 Nf4+ 42. Nxf4 exf4 0-1

[Event "DEM U12/U12w 2014"]
[Site "Magdeburg GER"]
[Date "2014.06.14"]
[Round "11"]
[White "Wong, Gengchun"]
[Black "Rößler, Lukas Namgyu"]
[Result "0-1"]
[Termination "normal"]
[Board "10"]
[WhiteElo "1857"]
[BlackElo "1662"]
[PlyCount "92"]
[WhiteFideId "12963283"]
[BlackFideId "12938718"]
[EventCountry "GER"]
[EventRounds "11"]
[EventType "swiss"]
[EventDate "2014.06.07"]

1. e4 c5 2. Nf3 e6 3. d4 cxd4 4. Nxd4 Nf6 5. Nc3 d6 6. Bg5 Be7 7. Qd2 O-O 8.
O-O-O a6 9. f4 Qc7 10. Bd3 Nc6 11. Nxc6 bxc6 12. Rhe1 h6 13. Bxf6 Bxf6 14. g4
Rb8 15. Bc4 Qb7 16. Bb3 c5 17. Qe2 Bd4 18. Nb1 Rd8 19. c3 Bf6 20. h3 Qc6 21.
Na3 a5 22. Qg2 Ba6 23. g5 hxg5 24. fxg5 Be5 25. g6 Bf4+ 26. Kb1 c4 27. gxf7+
Kxf7 28. Rg1 Be5 29. Qg6+ Ke7 30. Rgf1 Rf8 31. Rxf8 Rxf8 32. Bc2 Qb6 33. Ka1
Rb8 34. Rb1 Qe3 35. Rf1 Bf6 36. Nb1 Qb6 37. Bb3 cxb3 38. Rxf6 gxf6 39. Qg7+ Kd8
40. Qxf6+ Kc7 41. Qe7+ Kc6 42. a3 e5 43. Qf7 Qc5 44. h4 Bd3 45. Qg6 Bxb1 46.
Kxb1 Qe3 0-1

[Event "DEM U12/U12w 2014"]
[Site "Magdeburg GER"]
[Date "2014.06.14"]
[Round "11"]
[White "Oganessjan, Artur"]
[Black "Roseneck, Jonas"]
[Result "0-1"]
[Termination "normal"]
[Board "11"]
[WhiteElo "1761"]
[BlackElo "1766"]
[PlyCount "96"]
[WhiteFideId "12986062"]
[BlackFideId "12939870"]
[EventCountry "GER"]
[EventRounds "11"]
[EventType "swiss"]
[EventDate "2014.06.07"]

1. e4 c5 2. c3 Nf6 3. e5 Nd5 4. d4 cxd4 5. cxd4 e6 6. Nc3 Nxc3 7. bxc3 Qc7 8.
Bd2 d6 9. f4 Nd7 10. Nf3 Be7 11. Bd3 b6 12. O-O Bb7 13. Rc1 O-O 14. Qe1 Rfe8
15. Qg3 f5 16. Ng5 Nf8 17. c4 Bxg5 18. Qxg5 h6 19. Qg3 Qd7 20. Bc3 d5 21. Rfd1
Rac8 22. cxd5 Bxd5 23. a3 Rc7 24. Bb4 Rec8 25. Qe3 Bb3 26. Rxc7 Rxc7 27. Rb1
Bc4 28. Bxc4 Rxc4 29. Rd1 Qd5 30. Qd3 Nd7 31. Bd6 b5 32. h3 Nb6 33. Bb4 Na4 34.
Rd2 Kf7 35. Kh2 h5 36. h4 Nb6 37. Rd1 Qd8 38. g3 Nd5 39. Bc5 Qa5 40. Rb1 a6 41.
Kh3 Nxf4+ 42. gxf4 Rc3 43. Rd1 Rxd3+ 44. Rxd3 Qe1 45. Rf3 Qh1+ 46. Kg3 Qg1+ 47.
Kh3 Qg4+ 48. Kh2 Qxf3 0-1

[Event "DEM U12/U12w 2014"]
[Site "Magdeburg GER"]
[Date "2014.06.14"]
[Round "11"]
[White "Baltic, Fatih"]
[Black "Stork, Oliver"]
[Result "1-0"]
[Termination "normal"]
[Board "12"]
[WhiteElo "1870"]
[BlackElo "1629"]
[PlyCount "77"]
[WhiteFideId "12979090"]
[BlackFideId "12955728"]
[EventCountry "GER"]
[EventRounds "11"]
[EventType "swiss"]
[EventDate "2014.06.07"]

1. d4 d5 2. e3 Nf6 3. Bd3 e6 4. f4 Bd6 5. Nf3 b6 6. Qe2 Bb7 7. Nbd2 a6 8. c3
Nbd7 9. Ne5 c5 10. O-O O-O 11. Rf3 Ne4 12. Rh3 f5 13. Nxd7 Qxd7 14. Nf3 h6 15.
Ne5 Bxe5 16. fxe5 Kh7 17. Bd2 g5 18. Rf3 Bc6 19. Raf1 Nxd2 20. Qxd2 Bb5 21. g4
Bxd3 22. Qxd3 Kg6 23. dxc5 bxc5 24. e4 fxe4 25. Rf6+ Kg7 26. Qh3 Rxf6 27. exf6+
Kh7 28. f7 Rf8 29. Rf6 Rxf7 30. Rxh6+ Kg7 31. Rh8 Rf1+ 32. Kxf1 Qf7+ 33. Kg1
Qg6 34. Ra8 Kf7 35. Ra7+ Kg8 36. Ra8+ Kf7 37. Qh8 Ke7 38. Qd8+ Kf7 39. Ra7# 1-0

[Event "DEM U12/U12w 2014"]
[Site "Magdeburg GER"]
[Date "2014.06.14"]
[Round "11"]
[White "Meyling, Lennart"]
[Black "Schulze, Lara"]
[Result "0-1"]
[Termination "normal"]
[Board "14"]
[WhiteElo "1722"]
[BlackElo "1774"]
[PlyCount "54"]
[WhiteFideId "12947130"]
[BlackFideId "12956830"]
[EventCountry "GER"]
[EventRounds "11"]
[EventType "swiss"]
[EventDate "2014.06.07"]

1. c4 e6 2. g3 d5 3. Bg2 c6 4. cxd5 exd5 5. e3 Nf6 6. Ne2 Be7 7. Nbc3 O-O 8.
O-O Nbd7 9. Nd4 Ne5 10. f4 Nd3 11. Qc2 Nxc1 12. Raxc1 g6 13. Nb3 Bf5 14. e4
dxe4 15. Nxe4 Nxe4 16. Bxe4 Bxe4 17. Qxe4 Bf6 18. d4 Re8 19. Qd3 a5 20. Rfd1
Qb6 21. Rc2 Rad8 22. Rcd2 a4 23. Nc1 Rxd4 24. Qxd4 Bxd4+ 25. Rxd4 Re4 26. Ne2
Rxe2 27. Kh1 Qxb2 0-1

[Event "DEM U12/U12w 2014"]
[Site "Magdeburg GER"]
[Date "2014.06.14"]
[Round "11"]
[White "Hoffmann, Lennard"]
[Black "Collin, Alexander"]
[Result "1/2-1/2"]
[Termination "normal"]
[Board "15"]
[WhiteElo "1801"]
[BlackElo "1590"]
[PlyCount "60"]
[WhiteFideId "12943495"]
[BlackFideId "12946745"]
[EventCountry "GER"]
[EventRounds "11"]
[EventType "swiss"]
[EventDate "2014.06.07"]

1. e4 g6 2. d4 Bg7 3. Nf3 d6 4. Bf4 Nc6 5. c3 e5 6. dxe5 dxe5 7. Qxd8+ Kxd8 8.
Be3 Nf6 9. Nbd2 Ng4 10. Bc5 b6 11. Ba3 Bb7 12. Bc4 f6 13. Be6 Nh6 14. Nf1 Ke8
15. O-O-O Rd8 16. Ne3 Rxd1+ 17. Rxd1 Nd8 18. Bd7+ Kf7 19. Nd5 Bxd5 20. Rxd5 Bf8
21. Bxf8 Rxf8 22. Ba4 Kg8 23. h3 Nb7 24. Rd7 Nc5 25. Bb3+ Nxb3+ 26. axb3 Rf7
27. Rd8+ Rf8 28. Rd7 Rf7 29. Rd8+ Rf8 30. Rd7 Rf7 1/2-1/2

[Event "DEM U12/U12w 2014"]
[Site "Magdeburg GER"]
[Date "2014.06.14"]
[Round "11"]
[White "Mantel, Ruben"]
[Black "Staufenberger, Philipp"]
[Result "1-0"]
[Termination "normal"]
[Board "16"]
[WhiteElo "1645"]
[BlackElo "1620"]
[PlyCount "55"]
[WhiteFideId "12930121"]
[BlackFideId "12970883"]
[EventCountry "GER"]
[EventRounds "11"]
[EventType "swiss"]
[EventDate "2014.06.07"]

1. c4 e6 2. e3 d5 3. b3 c5 4. Bb2 Nc6 5. Nf3 Nf6 6. d4 cxd4 7. exd4 Bb4+ 8.
Nbd2 Ne4 9. Bd3 Nxd2 10. Nxd2 dxc4 11. bxc4 Nxd4 12. O-O Be7 13. Re1 Bf6 14.
Ne4 Nf3+ 15. Qxf3 Bxb2 16. Rab1 Bd4 17. c5 O-O 18. Nd6 Bxc5 19. Qh5 Bxf2+ 20.
Kxf2 g6 21. Qc5 Qh4+ 22. Kg1 Rd8 23. Rf1 b6 24. Qe5 f5 25. Bc4 Rxd6 26. Qxd6
Qxc4 27. Rbc1 Qa6 28. Qd8+ 1-0

[Event "DEM U12/U12w 2014"]
[Site "Magdeburg GER"]
[Date "2014.06.14"]
[Round "11"]
[White "Schallner, Marc"]
[Black "Lieberwirth, Kasimir"]
[Result "1/2-1/2"]
[Termination "normal"]
[Board "20"]
[WhiteElo "1668"]
[BlackElo "1628"]
[PlyCount "49"]
[WhiteFideId "12971243"]
[BlackFideId "12988146"]
[EventCountry "GER"]
[EventRounds "11"]
[EventType "swiss"]
[EventDate "2014.06.07"]

1. e4 c5 2. Nf3 Nc6 3. d4 cxd4 4. Nxd4 e5 5. Nb5 a6 6. Nd6+ Bxd6 7. Qxd6 Qe7 8.
Qxe7+ Ngxe7 9. Nc3 d5 10. Bd2 d4 11. Na4 Ra7 12. Nb6 Be6 13. O-O-O f6 14. a3
Kf7 15. b4 Nc8 16. Na4 b5 17. Nc5 Bc4 18. Kb2 Nd6 19. Ra1 Rha8 20. Bd3 a5 21.
Nb3 a4 22. Nc5 Nb7 23. Nxb7 Rxb7 24. Rac1 Rc8 25. f3 1/2-1/2

[Event "DEM U12/U12w 2014"]
[Site "Magdeburg GER"]
[Date "2014.06.14"]
[Round "11"]
[White "Bui, Ngoc Han Julia"]
[Black "Pölt, Christoph"]
[Result "1-0"]
[Termination "normal"]
[Board "21"]
[WhiteElo "1446"]
[BlackElo "1741"]
[PlyCount "111"]
[WhiteFideId "12977055"]
[BlackFideId "12960853"]
[EventCountry "GER"]
[EventRounds "11"]
[EventType "swiss"]
[EventDate "2014.06.07"]

1. e4 e5 2. Nf3 Nc6 3. Bc4 Bc5 4. O-O d6 5. c3 Nf6 6. Re1 O-O 7. d4 exd4 8.
cxd4 Bb4 9. Bd2 Bxd2 10. Qxd2 Bg4 11. Nc3 Bxf3 12. gxf3 Nh5 13. Kh1 Kh8 14. Be2
f5 15. Rg1 fxe4 16. Nxe4 Nf4 17. Rg4 Nxe2 18. Qxe2 Nxd4 19. Qd3 Nxf3 20. Rg3
Ne5 21. Qc2 Qe7 22. Rag1 Rg8 23. Rh3 g6 24. Qc3 Rg7 25. f4 Ng4 26. Rxg4 Qxe4+
27. Kg1 Re8 28. Rgh4 Qe1+ 29. Qxe1 Rxe1+ 30. Kf2 Rge7 31. Rxh7+ Rxh7 32. Rxh7+
Kxh7 33. Kxe1 d5 34. Ke2 d4 35. b4 b6 36. b5 Kg7 37. Kd3 Kf6 38. Kxd4 Ke6 39.
a4 Kd6 40. h4 Ke6 41. Ke4 Kf6 42. f5 gxf5+ 43. Kf4 Kg6 44. h5+ Kxh5 45. Kxf5
Kh6 46. Ke5 Kg7 47. Ke6 Kf8 48. Kd7 Kf7 49. Kxc7 Ke7 50. Kb7 Kd7 51. Kxa7 Kc8
52. Kxb6 Kb8 53. a5 Ka8 54. Kc7 Ka7 55. b6+ Ka6 56. b7 1-0

[Event "DEM U12/U12w 2014"]
[Site "Magdeburg GER"]
[Date "2014.06.14"]
[Round "11"]
[White "Mütsch, Annmarie"]
[Black "Wachtel, Arthur"]
[Result "1-0"]
[Termination "normal"]
[Board "22"]
[WhiteElo "1648"]
[BlackElo "1539"]
[PlyCount "69"]
[WhiteFideId "12971367"]
[BlackFideId "12988510"]
[EventCountry "GER"]
[EventRounds "11"]
[EventType "swiss"]
[EventDate "2014.06.07"]

1. e4 e6 2. d4 d5 3. Nd2 Nc6 4. Ne2 Nf6 5. e5 Nd7 6. Nf3 f6 7. exf6 Qxf6 8. Bg5
Qf7 9. Bf4 Bd6 10. Bxd6 cxd6 11. Ng3 O-O 12. Bd3 Nf6 13. O-O e5 14. Be2 Qc7 15.
c3 Ne7 16. Qc2 Ng6 17. Rfe1 e4 18. Nd2 Nf4 19. f3 Re8 20. fxe4 dxe4 21. Ndxe4
Nxe4 22. Nxe4 Nxe2+ 23. Rxe2 Bf5 24. Nf6+ gxf6 25. Rxe8+ Rxe8 26. Qxf5 Kg7 27.
Qg4+ Kh8 28. Rf1 Qe7 29. Qf4 Kg7 30. h3 Rf8 31. Rf3 Qe6 32. Rg3+ Kh8 33. b3
Qe1+ 34. Kh2 Qe7 35. Re3 1-0

[Event "DEM U12/U12w 2014"]
[Site "Magdeburg GER"]
[Date "2014.06.14"]
[Round "11"]
[White "Wagner, Benjamin"]
[Black "Biermann, Lenhard"]
[Result "1-0"]
[Termination "normal"]
[Board "23"]
[WhiteElo "1634"]
[BlackElo "1535"]
[PlyCount "113"]
[WhiteFideId "12957330"]
[BlackFideId "12970077"]
[EventCountry "GER"]
[EventRounds "11"]
[EventType "swiss"]
[EventDate "2014.06.07"]

1. e4 e6 2. d4 d5 3. Bd3 c5 4. exd5 exd5 5. dxc5 Bxc5 6. Nf3 Nf6 7. O-O O-O 8.
Nc3 Be6 9. Bg5 Nbd7 10. Qd2 Be7 11. Rad1 Nb6 12. Rfe1 Re8 13. Ne2 Nc4 14. Qc1
Qb6 15. b3 Nd6 16. Ned4 Nde4 17. Bxf6 Nxf6 18. Bf5 Bxf5 19. Nxf5 Bf8 20. Rxe8
Rxe8 21. Re1 Rxe1+ 22. Qxe1 Ne4 23. Qe3 Bc5 24. N5d4 h6 25. h3 Kf8 26. c3 a5
27. Qd3 Bxd4 28. Nxd4 Qf6 29. f3 Ng5 30. Qf5 Qxf5 31. Nxf5 Ne6 32. Kf2 Nf4 33.
h4 h5 34. g3 Nd3+ 35. Ke3 Ne5 36. Nd6 b6 37. a4 Nd7 38. Kd4 Nc5 39. Kxd5 Nxb3
40. Nc4 Nc1 41. Nxb6 Ne2 42. c4 Ke8 43. Kc6 Nd4+ 44. Kb7 Nb3 45. Nd5 Kd7 46.
Nc3 Kd6 47. Ne4+ Ke7 48. c5 f5 49. c6 fxe4 50. c7 Nc5+ 51. Kc6 e3 52. c8=Q e2
53. Qc7+ Ke6 54. Qd6+ Kf7 55. Qd2 Nb3 56. Qe1 Kf6 57. Kd5 1-0

[Event "DEM U12/U12w 2014"]
[Site "Magdeburg GER"]
[Date "2014.06.14"]
[Round "11"]
[White "Kück, Artur"]
[Black "Huber, Benedikt"]
[Result "1/2-1/2"]
[Termination "normal"]
[Board "24"]
[WhiteElo "1393"]
[BlackElo "1719"]
[PlyCount "127"]
[WhiteFideId "12965120"]
[BlackFideId "12923583"]
[EventCountry "GER"]
[EventRounds "11"]
[EventType "swiss"]
[EventDate "2014.06.07"]

1. e4 e6 2. d4 d5 3. Nd2 Nf6 4. e5 Nfd7 5. Bd3 c5 6. c3 Nc6 7. Ndf3 cxd4 8.
cxd4 f6 9. exf6 Nxf6 10. Nh3 Bd6 11. Bf4 Bxf4 12. Nxf4 O-O 13. O-O Ne4 14. Nh3
e5 15. Nxe5 Bxh3 16. Bxe4 dxe4 17. Qb3+ Kh8 18. Qxh3 Nxe5 19. dxe5 Qd4 20. Qc3
Qxc3 21. bxc3 Rfe8 22. Rab1 b6 23. f4 exf3 24. Rxf3 Rxe5 25. Rbf1 Kg8 26. Rf7
Re2 27. Rd7 Rxa2 28. Rff7 Ra1+ 29. Kf2 Rf8 30. Rxf8+ Kxf8 31. Rd8+ Ke7 32. Rg8
Kf7 33. Rd8 Ra3 34. Rd7+ Kf6 35. Rc7 b5 36. Rc6+ Kg5 37. Rc5+ Kf6 38. Rc6+ Kg5
39. Rc5+ Kh6 40. Rxb5 Rxc3 41. Ra5 Rc7 42. Kg3 g6 43. h4 Rc3+ 44. Kh2 Rc4 45.
g3 Rc7 46. Kg2 Kg7 47. g4 h6 48. h5 gxh5 49. gxh5 Kf6 50. Kf3 Rg7 51. Kf4 Rg5
52. Ra6+ Kg7 53. Rxa7+ Kg8 54. Ra8+ Kf7 55. Ra7+ Ke8 56. Ra8+ Kd7 57. Ra7+ Kc8
58. Ra8+ Kb7 59. Rh8 Rxh5 60. Kg4 Rh1 61. Kf5 Kc6 62. Kg6 h5 63. Rxh5 Rxh5 64.
Kxh5 1/2-1/2

[Event "DEM U12/U12w 2014"]
[Site "Magdeburg GER"]
[Date "2014.06.14"]
[Round "11"]
[White "Recktenwald, Cedric"]
[Black "Santos, Leonardo"]
[Result "1-0"]
[Termination "normal"]
[Board "26"]
[WhiteElo "1435"]
[BlackElo "1451"]
[PlyCount "49"]
[WhiteFideId "12971928"]
[BlackFideId "12965049"]
[EventCountry "GER"]
[EventRounds "11"]
[EventType "swiss"]
[EventDate "2014.06.07"]

1. e4 c5 2. Nf3 d6 3. Bb5+ Bd7 4. Bxd7+ Qxd7 5. O-O Nc6 6. c3 Nf6 7. Re1 e6 8.
d4 cxd4 9. cxd4 d5 10. e5 Ne4 11. Nbd2 Nxd2 12. Bxd2 Be7 13. Bg5 O-O 14. Qd2
Rac8 15. Bxe7 Qxe7 16. Rac1 Qc7 17. Rc5 Qb6 18. Rec1 Rc7 19. b4 Rfc8 20. Qc3 h6
21. Kh1 Kh7 22. b5 Nxd4 23. Rxc7 Nxb5 24. Qd3+ g6 25. Rxf7+ 1-0

[Event "DEM U12/U12w 2014"]
[Site "Magdeburg GER"]
[Date "2014.06.14"]
[Round "11"]
[White "Gheng, Dominik"]
[Black "Wenzel, Calvin"]
[Result "0-1"]
[Termination "normal"]
[Board "27"]
[WhiteElo "1556"]
[BlackElo "1432"]
[PlyCount "158"]
[WhiteFideId "12906778"]
[BlackFideId "12973920"]
[EventCountry "GER"]
[EventRounds "11"]
[EventType "swiss"]
[EventDate "2014.06.07"]

1. e4 e5 2. Nf3 Nc6 3. Bb5 f5 4. O-O fxe4 5. Bxc6 exf3 6. Bxf3 d6 7. Re1 Be7 8.
d4 Bf6 9. dxe5 dxe5 10. Bf4 Qe7 11. Qd5 c6 12. Qc4 exf4 13. Bh5+ Kf8 14. Nc3
Bxc3 15. Qxf4+ Bf6 16. Rxe7 Nxe7 17. Qc4 g6 18. Qf4 Nd5 19. Qf3 gxh5 20. c4 Bg4
21. Qd3 Ne7 22. h3 Bf5 23. Qf3 h4 24. Re1 Rd8 25. Re6 Kf7 26. Rxe7+ Kxe7 27.
Qxf5 Rd1+ 28. Kh2 Re1 29. Qc5+ Kf7 30. Qh5+ Kg7 31. Qg4+ Kf7 32. Qh5+ Ke7 33.
Qc5+ Kd7 34. Qf5+ Re6 35. Qd3+ Ke7 36. Qa3+ Rd6 37. Qe3+ Kd7 38. c5 Rd5 39. Qe4
Re8 40. Qxh7+ Re7 41. Qc2 Be5+ 42. Kg1 Bf4 43. Kf1 Bd2 44. g3 hxg3 45. fxg3 Bb4
46. h4 Re1+ 47. Kg2 Rd2+ 48. Qxd2+ Bxd2 49. Kh3 Re8 50. h5 Ke6 51. g4 Kd5 52.
Kh4 Rg8 53. Kh3 Kxc5 54. Kg3 Kd4 55. Kh3 Kd3 56. Kg3 Kc2 57. Kf3 Kxb2 58. Kg3
Kxa2 59. Kf3 c5 60. Ke2 Bh6 61. Kf3 Rxg4 62. Kxg4 c4 63. Kf5 c3 64. Kg6 c2 65.
Kxh6 c1=Q+ 66. Kg6 b5 67. h6 Qxh6+ 68. Kxh6 b4 69. Kg6 b3 70. Kf5 a5 71. Ke5 a4
72. Kd4 a3 73. Kc3 Kb1 74. Kxb3 a2 75. Ka3 a1=Q+ 76. Kb3 Qd4 77. Ka3 Qb6 78.
Ka4 Kc2 79. Ka3 Qb3# 0-1

[Event "DEM U12/U12w 2014"]
[Site "Magdeburg GER"]
[Date "2014.06.14"]
[Round "11"]
[White "Liebeck, Eddie"]
[Black "Bosselmann, Tom Linus"]
[Result "0-1"]
[Termination "normal"]
[Board "28"]
[WhiteElo "1676"]
[BlackElo "1430"]
[PlyCount "102"]
[WhiteFideId "12945854"]
[BlackFideId "12983845"]
[EventCountry "GER"]
[EventRounds "11"]
[EventType "swiss"]
[EventDate "2014.06.07"]

1. d4 Nf6 2. c4 e5 3. dxe5 Ne4 4. a3 b6 5. e6 fxe6 6. Nd2 Nf6 7. e3 Bb7 8. Ngf3
g6 9. Be2 Bg7 10. Nb3 d6 11. Nbd4 Qe7 12. O-O e5 13. Nc2 Nbd7 14. Nb4 O-O 15.
Qb3 Nc5 16. Qd1 Rad8 17. h3 d5 18. cxd5 a5 19. Na2 Bxd5 20. Qe1 Nb3 21. Rb1 Be4
22. Bc4+ Kh8 23. Bxb3 Bxb1 24. Ng5 Bd3 25. Ne6 Bxf1 26. Nxf8 Rxf8 27. Kxf1 Ne4
28. f3 Nd6 29. Kg1 Nf5 30. Nc3 Bh6 31. Nd5 Qc5 32. Kf2 Bg5 33. g3 Nh4 34. f4
exf4 35. Nxf4 Bxf4 36. gxf4 Rxf4+ 37. Ke2 Qb5+ 38. Kd1 Rf1 39. Qxf1 Qxf1+ 40.
Kc2 Qe2+ 41. Kb1 Nf3 42. Ba2 Qd1 43. b4 Ne1 44. Bb3 Qxb3+ 45. Bb2+ Kg8 46. Ka1
Nc2+ 47. Kb1 Nxa3+ 48. Ka1 Nc2+ 49. Kb1 Nxb4 50. e4 Qc2+ 51. Ka1 Qd1+ 0-1

[Event "DEM U12/U12w 2014"]
[Site "Magdeburg GER"]
[Date "2014.06.14"]
[Round "11"]
[White "Wurst, Benedikt"]
[Black "Jahn, Felix"]
[Result "0-1"]
[Termination "time forfeit"]
[Board "29"]
[WhiteElo "1403"]
[BlackElo "1517"]
[PlyCount "72"]
[WhiteFideId "12991791"]
[BlackFideId "12983632"]
[EventCountry "GER"]
[EventRounds "11"]
[EventType "swiss"]
[EventDate "2014.06.07"]

1. e4 e6 2. d4 d5 3. exd5 exd5 4. Bd3 Nc6 5. c3 Bd6 6. Nf3 Bg4 7. h3 Bxf3 8.
Qxf3 Nge7 9. O-O Ng6 10. Re1+ Nce7 11. Kh1 c6 12. Be3 O-O 13. Kg1 Qd7 14. Nd2
f5 15. Bg5 Rae8 16. Bxe7 Rxe7 17. Rxe7 Qxe7 18. Qe2 Qxe2 19. Bxe2 Nf4 20. Bf3
Re8 21. Kf1 g6 22. b3 Kf7 23. Re1 Rxe1+ 24. Kxe1 Nd3+ 25. Kf1 Nf4 26. h4 Ne6
27. g3 h5 28. Kg2 Kf6 29. Be2 Nc7 30. f4 Ke6 31. Nf3 b5 32. b4 Na8 33. Ng5+ Kd7
34. Nf3 Nb6 35. Nd2 Na4 36. Nb1 Kc7 0-1